[Event "Hull CC - LEO ferme ch B"]
[Site "Gatineau CAN"]
[Date "2008.04.22"]
[Round "2"]
[White "Berthiaume, Serge"]
[Black "Arsenault, Yves"]
[Result "1/2-1/2"]
[WhiteElo "1212"]
[BlackElo "1452"]
[PlyCount "130"]
[GameId "2160767910351125"]
[EventDate "2008.04.15"]
[EventType "swiss"]
[EventRounds "6"]
[EventCountry "CAN"]
[SourceTitle "EXT 2022"]
[Source "ChessBase"]
[SourceDate "2021.10.06"]
[SourceVersion "1"]
[SourceVersionDate "2021.10.06"]
[SourceQuality "1"]

1. d4 Nf6 2. Nf3 d5 3. c4 Nc6 4. cxd5 Nxd5 5. e4 Nf6 6. Nc3 Bg4 7. Be2 Bxf3 8. Bxf3 Nxd4 9. Be3 Nxf3+ 10. Qxf3 e5 11. a3 Nd7 12. O-O-O c6 13. Rd2 Qa5 14. Rhd1 Rd8 15. Qg4 Qc7 16. Bxa7 h5 17. Qh3 Be7 18. Be3 f6 19. Qf5 Nf8 20. Rxd8+ Bxd8 21. h4 g6 22. Qh3 Rh7 23. Bc5 Be7 24. Na4 Bxc5 25. Nxc5 Re7 26. Qb3 b6 27. Na6 Qb7 28. Nb4 Ne6 29. Rd6 Kf7 30. Rxc6 Qd7 31. Rc2 Qb5 32. Rc4 Kg7 33. Qc3 Nd4 34. Kb1 Ne2 35. Qc2 Nd4 36. Qc3 Rd7 37. Nd5 Ne6 38. Ka2 Nc5 39. Rb4 Qe2 40. Rxb6 Qxf2 41. Qc4 Qd4 42. Qxd4 exd4 43. Rxf6 Nxe4 44. Rf4 Rxd5 45. Rxe4 Kf6 46. Kb3 Kf5 47. Re1 Kg4 48. Kc4 Rd8 49. Re4+ Kg3 50. Rxd4 Rc8+ 51. Kd3 Kxg2 52. a4 Kg3 53. a5 g5 54. hxg5 h4 55. Ke4 h3 56. Rd3+ Kg2 57. Rd2+ Kg3 58. Rd3+ Kg2 59. Kf4 Rf8+ 60. Kg4 Rh8 61. g6 h2 62. Rg3+ Kf2 63. Rf3+ Kg2 64. Rg3+ Kf2 65. Rf3+ Kg2 1/2-1/2

[Event "Hull CC - LEO ferme ch B"]
[Site "Gatineau CAN"]
[Date "2008.04.22"]
[Round "2"]
[White "Blouin, Francois"]
[Black "Danilov, Alex"]
[Result "1/2-1/2"]
[WhiteElo "1606"]
[BlackElo "1906"]
[PlyCount "160"]
[GameId "2160767910351126"]
[EventDate "2008.04.15"]
[EventType "swiss"]
[EventRounds "6"]
[EventCountry "CAN"]
[SourceTitle "EXT 2022"]
[Source "ChessBase"]
[SourceDate "2021.10.06"]
[SourceVersion "1"]
[SourceVersionDate "2021.10.06"]
[SourceQuality "1"]

1. e4 c5 2. Nc3 e6 3. g3 d5 4. exd5 exd5 5. Bg2 Nf6 6. d3 Be7 7. Nge2 O-O 8. O-O d4 9. Ne4 Nxe4 10. Bxe4 Nd7 11. Nf4 Nf6 12. Bg2 Rb8 13. h3 b5 14. Nh5 Nd5 15. Re1 Re8 16. Qf3 Nb4 17. Qe2 Bd7 18. a3 Bf8 19. Be4 Nd5 20. Bd2 Bxh3 21. g4 Qh4 22. f3 Bd6 23. Qf2 Qxf2+ 24. Kxf2 g6 25. Ng3 Nf6 26. Rh1 Bxg4 27. fxg4 Nxg4+ 28. Kf3 f5 29. Bd5+ Kg7 30. Rae1 h5 31. Ne2 Kf6 32. Nf4 Bxf4 33. Bxf4 Ne5+ 34. Kg2 g5 35. Bd2 h4 36. Rhf1 Re7 37. Be4 f4 38. Bxf4 gxf4 39. Rxf4+ Kg7 40. Rxh4 Rh8 41. Rxh8 Kxh8 42. Bf3 Kg7 43. Kg3 Kf6 44. Re4 Rg7+ 45. Kf2 Kf5 46. Rh4 Kg5 47. Kg3 Kf6+ 48. Kf2 Ke6 49. Rh6+ Kf5 50. Rh5+ Rg5 51. Rh7 Ke6 52. Rxa7 Rf5 53. Ra6+ Kf7 54. Ra7+ Kg6 55. Rb7 Nxf3 56. Rxb5 Kg5 57. a4 Nh4+ 58. Ke2 Re5+ 59. Kf2 Kf4 60. b4 cxb4 61. Rxb4 Nf5 62. c3 Rd5 63. cxd4 Nxd4 64. a5 Ke5 65. a6 Ra5 66. Rb6 Ra2+ 67. Kg3 Ra3 68. Kg4 Kd5 69. Kf4 Rxd3 70. a7 Rf3+ 71. Kg5 Ra3 72. Rb7 Nc6 73. Rd7+ Ke5 74. Kg4 Nxa7 75. Re7+ Kf6 76. Re8 Nc6 77. Kf4 Ra1 78. Rf8+ Ke6 79. Re8+ Ne7 80. Ke4 Ra5 1/2-1/2

[Event "Hull CC - LEO ferme ch B"]
[Site "Gatineau CAN"]
[Date "2008.04.22"]
[Round "2"]
[White "Dupont, Claude"]
[Black "Labelle, Raymond"]
[Result "1-0"]
[WhiteElo "1496"]
[BlackElo "1352"]
[PlyCount "86"]
[GameId "2160767910351127"]
[EventDate "2008.04.15"]
[EventType "swiss"]
[EventRounds "6"]
[EventCountry "CAN"]
[SourceTitle "EXT 2022"]
[Source "ChessBase"]
[SourceDate "2021.10.06"]
[SourceVersion "1"]
[SourceVersionDate "2021.10.06"]
[SourceQuality "1"]

1. e4 e5 2. Nf3 Nc6 3. Bb5 a6 4. Bxc6 dxc6 5. d3 Bd6 6. b3 Bg4 7. Nbd2 Nf6 8. h3 Bd7 9. Bb2 Qe7 10. Nc4 Nh5 11. Bxe5 Nf4 12. Nxd6+ cxd6 13. Bxf4 Qf6 14. O-O Qxf4 15. Qd2 Qxd2 16. Nxd2 O-O 17. c4 c5 18. a3 f5 19. b4 b6 20. Rfe1 Rf6 21. f3 Rg6 22. Kf2 f4 23. a4 cxb4 24. a5 b5 25. Reb1 bxc4 26. Nxc4 Rc8 27. Rxb4 Bb5 28. Ra2 Rc6 29. Rd2 Rg5 30. Na3 Rgc5 31. Nxb5 axb5 32. d4 Rc1 33. Rxb5 Ra1 34. Rf5 Rcc1 35. Rxf4 Rxa5 36. Rb2 Rc8 37. h4 Rh5 38. g3 g5 39. Rf5 Kg7 40. Rxg5+ Rxg5 41. hxg5 Kg6 42. f4 Rc1 43. g4 Rh1 1-0

[Event "Hull CC - LEO ferme ch B"]
[Site "Gatineau CAN"]
[Date "2008.04.22"]
[Round "2"]
[White "Groleau, Gilles"]
[Black "Menard, Marc"]
[Result "1-0"]
[WhiteElo "1928"]
[BlackElo "1599"]
[PlyCount "33"]
[GameId "2160767910351128"]
[EventDate "2008.04.15"]
[EventType "swiss"]
[EventRounds "6"]
[EventCountry "CAN"]
[SourceTitle "EXT 2022"]
[Source "ChessBase"]
[SourceDate "2021.10.06"]
[SourceVersion "1"]
[SourceVersionDate "2021.10.06"]
[SourceQuality "1"]

1. e4 d5 2. exd5 Nf6 3. d4 Nxd5 4. Nf3 g6 5. Bc4 Bg7 6. O-O O-O 7. c3 Nb6 8. Bb3 Nc6 9. Bf4 Nd5 10. Bxd5 Qxd5 11. Bxc7 Bg4 12. Nbd2 e5 13. dxe5 Nxe5 14. Bxe5 Bxe5 15. Qb3 Be6 16. Qxd5 Bxd5 17. Nxe5 1-0

[Event "Hull CC - LEO ferme ch B"]
[Site "Gatineau CAN"]
[Date "2008.04.22"]
[Round "2"]
[White "Guimond, Michel"]
[Black "Kennedy, Phillip"]
[Result "1-0"]
[WhiteElo "1892"]
[BlackElo "1328"]
[PlyCount "57"]
[GameId "2160767910351129"]
[EventDate "2008.04.15"]
[EventType "swiss"]
[EventRounds "6"]
[EventCountry "CAN"]

1. e4 c5 2. Nf3 Nc6 3. d4 cxd4 4. Nxd4 e6 5. Nc3 a6 6. Bc4 Nf6 7. O-O Bc5 8. Nxc6 bxc6 9. Bg5 Qb6 10. e5 Qxb2 11. Qd3 Ng4 12. Rab1 Qa3 13. Qg3 Bxf2+ 14. Rxf2 Nxf2 15. Bb3 Qc5 16. Na4 Ne4+ 17. Nxc5 Nxg3 18. hxg3 Rb8 19. Ne4 O-O 20. Nd6 f6 21. exf6 gxf6 22. Bh6 Rd8 23. Rf1 Rb4 24. c4 f5 25. g4 c5 26. gxf5 exf5 27. Rxf5 Rb6 28. Rg5+ Kh8 29. Nf7# 1-0

[Event "Hull CC - LEO ferme ch B"]
[Site "Gatineau CAN"]
[Date "2008.04.22"]
[Round "2"]
[White "Jani, Louis"]
[Black "Duret, Serge"]
[Result "1-0"]
[WhiteElo "1437"]
[BlackElo "994"]
[PlyCount "60"]
[GameId "2160767910351130"]
[EventDate "2008.04.15"]
[EventType "swiss"]
[EventRounds "6"]
[EventCountry "CAN"]
[SourceTitle "EXT 2022"]
[Source "ChessBase"]
[SourceDate "2021.10.06"]
[SourceVersion "1"]
[SourceVersionDate "2021.10.06"]
[SourceQuality "1"]

1. d4 d5 2. e3 Nc6 3. c4 e6 4. Nc3 Nf6 5. Nf3 Bb4 6. a3 Bxc3+ 7. bxc3 Ne4 8. Bb2 dxc4 9. Bxc4 Qf6 10. O-O O-O 11. Bd3 Ng5 12. Nd2 Rd8 13. f4 e5 14. fxg5 Qxg5 15. Qf3 f6 16. Ne4 Qh6 17. Ng3 exd4 18. cxd4 Ne7 19. Rad1 Nd5 20. Bc4 c6 21. e4 Qg6 22. h3 Re8 23. exd5 cxd5 24. Bxd5+ Be6 25. Bxe6+ Rxe6 26. Rfe1 Rae8 27. Rxe6 Rxe6 28. Kh2 Qc2 29. Qd5 Kf7 30. Qxb7+ Kg6 1-0

[Event "Hull CC - LEO ferme ch B"]
[Site "Gatineau CAN"]
[Date "2008.04.22"]
[Round "2"]
[White "Laurin, Jacques"]
[Black "Libersan, Mattieu"]
[Result "0-1"]
[WhiteElo "1811"]
[BlackElo "1841"]
[PlyCount "48"]
[GameId "2160767910351131"]
[EventDate "2008.04.15"]
[EventType "swiss"]
[EventRounds "6"]
[EventCountry "CAN"]
[SourceTitle "EXT 2022"]
[Source "ChessBase"]
[SourceDate "2021.10.06"]
[SourceVersion "1"]
[SourceVersionDate "2021.10.06"]
[SourceQuality "1"]

1. c4 Nf6 2. Nc3 g6 3. g3 Bg7 4. Bg2 O-O 5. Nf3 d6 6. d4 c6 7. O-O Nbd7 8. Bg5 h6 9. Bf4 Re8 10. Qd2 Kh7 11. d5 Nc5 12. Nd4 cxd5 13. cxd5 Nxd5 14. Bxd5 e5 15. Bxf7 exd4 16. Nd5 Rf8 17. b4 Rxf7 18. bxc5 dxc5 19. Ne3 Bh3 20. Ng2 g5 21. Qc2+ d3 22. exd3 gxf4 23. Rad1 Bd4 24. Nxf4 Rxf4 0-1

[Event "Hull CC - LEO ferme ch B"]
[Site "Gatineau CAN"]
[Date "2008.04.22"]
[Round "2"]
[White "Levesque, Andre"]
[Black "Lacourse, Guy"]
[Result "1/2-1/2"]
[WhiteElo "1346"]
[BlackElo "1591"]
[PlyCount "79"]
[GameId "2160767910351132"]
[EventDate "2008.04.15"]
[EventType "swiss"]
[EventRounds "6"]
[EventCountry "CAN"]
[SourceTitle "EXT 2022"]
[Source "ChessBase"]
[SourceDate "2021.10.06"]
[SourceVersion "1"]
[SourceVersionDate "2021.10.06"]
[SourceQuality "1"]

1. e4 c5 2. Nc3 g6 3. f4 Nc6 4. Bb5 Bg7 5. Bxc6 bxc6 6. Nf3 d6 7. d3 Nf6 8. O-O O-O 9. Qe1 Ba6 10. Qg3 Qc7 11. Rb1 Rab8 12. Be3 h5 13. f5 Ng4 14. Bd2 Bf6 15. h3 Ne5 16. Nxe5 Bxe5 17. Bf4 Kh7 18. Qg5 Bg7 19. Ne2 Qd8 20. Bc1 c4 21. Rf3 Qe8 22. c3 cxd3 23. Nf4 Bh6 24. Qg3 e5 25. fxg6+ fxg6 26. Nxd3 Rxf3 27. Qxf3 Bxd3 28. Qxd3 Bxc1 29. Rxc1 Rxb2 30. Rc2 Rxc2 31. Qxc2 d5 32. Qa4 Qa8 33. exd5 cxd5 34. Qd7+ Kh6 35. h4 e4 36. Qe7 a5 37. Qg5+ Kh7 38. Qe7+ Kg8 39. Qe6+ Kg7 40. Qe7+ 1/2-1/2

[Event "Hull CC - LEO ferme ch B"]
[Site "Gatineau CAN"]
[Date "2008.04.22"]
[Round "2"]
[White "Pilon, Robert"]
[Black "Maisonneuve, Paul"]
[Result "0-1"]
[WhiteElo "1516"]
[BlackElo "1487"]
[PlyCount "50"]
[GameId "2160767910351133"]
[EventDate "2008.04.15"]
[EventType "swiss"]
[EventRounds "6"]
[EventCountry "CAN"]
[SourceTitle "EXT 2022"]
[Source "ChessBase"]
[SourceDate "2021.10.06"]
[SourceVersion "1"]
[SourceVersionDate "2021.10.06"]
[SourceQuality "1"]

1. e4 d6 2. d4 Nf6 3. Bd3 g6 4. Bf4 Bg7 5. h3 O-O 6. Nf3 Nbd7 7. Nbd2 c5 8. c3 cxd4 9. cxd4 Nh5 10. Be3 a6 11. O-O b5 12. b4 Nb6 13. Rc1 f5 14. exf5 Bxf5 15. Qb3+ Kh8 16. Bxf5 gxf5 17. Bg5 h6 18. Bh4 Nf4 19. Rfe1 Ng6 20. Qd3 Qd7 21. Rc2 d5 22. Bg3 Nc4 23. Nh4 Nxh4 24. Bxh4 Bf6 25. Nf3 Nd6 0-1

[Event "Hull CC - LEO ferme ch B"]
[Site "Gatineau CAN"]
[Date "2008.04.29"]
[Round "3"]
[White "Arsenault, Yves"]
[Black "Laurin, Jacques"]
[Result "0-1"]
[WhiteElo "1471"]
[BlackElo "1819"]
[PlyCount "54"]
[GameId "2160767910351134"]
[EventDate "2008.04.15"]
[EventType "swiss"]
[EventRounds "6"]
[EventCountry "CAN"]
[SourceTitle "EXT 2022"]
[Source "ChessBase"]
[SourceDate "2021.10.06"]
[SourceVersion "1"]
[SourceVersionDate "2021.10.06"]
[SourceQuality "1"]

1. e4 d6 2. d4 Nf6 3. Nc3 g6 4. Nf3 Bg7 5. Bc4 O-O 6. O-O Nxe4 7. Bxf7+ Rxf7 8. Nxe4 Bg4 9. Neg5 Rf6 10. h3 Bxf3 11. Nxf3 Rf5 12. Re1 Nc6 13. c3 Kh8 14. Bg5 h6 15. Bd2 e5 16. dxe5 Nxe5 17. Nxe5 dxe5 18. Qc1 Qh4 19. Be3 Raf8 20. Qd2 g5 21. Re2 h5 22. Qd7 g4 23. hxg4 hxg4 24. Rc1 Rh5 25. f3 Qh1+ 26. Kf2 g3+ 27. Kxg3 Qh4# 0-1

[Event "Hull CC - LEO ferme ch B"]
[Site "Gatineau CAN"]
[Date "2008.04.29"]
[Round "3"]
[White "Guimond, Michel"]
[Black "Groleau, Gilles"]
[Result "0-1"]
[WhiteElo "1892"]
[BlackElo "1928"]
[PlyCount "66"]
[GameId "2160767910351135"]
[EventDate "2008.04.15"]
[EventType "swiss"]
[EventRounds "6"]
[EventCountry "CAN"]
[SourceTitle "EXT 2022"]
[Source "ChessBase"]
[SourceDate "2021.10.06"]
[SourceVersion "1"]
[SourceVersionDate "2021.10.06"]
[SourceQuality "1"]

1. e4 c5 2. Nf3 e6 3. d4 cxd4 4. Nxd4 Nf6 5. Bd3 Nc6 6. c3 Be7 7. f4 a6 8. Be3 Qc7 9. O-O d6 10. Nd2 e5 11. Nxc6 Qxc6 12. f5 d5 13. g4 dxe4 14. Bc4 Bc5 15. Qe2 Nxg4 16. Qxg4 Bxe3+ 17. Kg2 Bxd2 18. Qxg7 e3+ 19. Kg3 Rf8 20. Qxe5+ Kd8 21. Rf4 Rg8+ 22. Rg4 Rxg4+ 23. Kxg4 Qxc4+ 24. Kh5 Qc7 25. Qf6+ Qe7 26. Qb6+ Ke8 27. Rg1 f6 28. Rg8+ Kf7 29. Rd8 Bxf5 30. Rxa8 Bg6+ 31. Kg4 Qe6+ 32. Qxe6+ Kxe6 33. Kf3 Bh5+ 0-1

[Event "Hull CC - LEO ferme ch B"]
[Site "Gatineau CAN"]
[Date "2008.04.29"]
[Round "3"]
[White "Kennedy, Phillip"]
[Black "Dupont, Claude"]
[Result "0-1"]
[WhiteElo "1343"]
[BlackElo "1494"]
[PlyCount "110"]
[GameId "2160767910351136"]
[EventDate "2008.04.15"]
[EventType "swiss"]
[EventRounds "6"]
[EventCountry "CAN"]

1. c4 e5 2. g3 Nf6 3. Bg2 c6 4. e4 d6 5. Ne2 Be6 6. d3 Nbd7 7. O-O Be7 8. Nbc3 h6 9. Bd2 a6 10. a4 O-O 11. b4 a5 12. b5 Nc5 13. Be3 Ncd7 14. h3 Nh7 15. f4 f5 16. bxc6 bxc6 17. exf5 Bxf5 18. g4 Bxg4 19. hxg4 exf4 20. Nxf4 Bg5 21. Bxc6 Bxf4 22. Bxf4 Qb6+ 23. Kg2 Qxc6+ 24. Qf3 Qc5 25. Qd5+ Qxd5+ 26. Nxd5 Nhf6 27. Bxd6 Rfe8 28. Nxf6+ Nxf6 29. Kf3 Re6 30. c5 Rae8 31. Bf4 Nd5 32. Bd2 Nb4 33. Bxb4 axb4 34. Kg2 Rd8 35. Rf3 Rd4 36. Rc1 Rxg4+ 37. Kf2 Rc6 38. a5 Rd4 39. Ke3 Rd8 40. d4 Ra6 41. Ra1 Rda8 42. Rb1 Rxa5 43. Rxb4 Ra3+ 44. Kf2 Rxf3+ 45. Kxf3 Kf7 46. c6 Ke6 47. Ke4 Kd6 48. d5 Re8+ 49. Kd4 Re5 50. Rb5 g5 51. c7 Re8 52. Rc5 Rc8 53. Rc6+ Kd7 54. d6 Kxc6 55. Ke5 Kd7 0-1

[Event "Hull CC - LEO ferme ch B"]
[Site "Gatineau CAN"]
[Date "2008.04.29"]
[Round "3"]
[White "Labelle, Raymond"]
[Black "Duret, Serge"]
[Result "1-0"]
[WhiteElo "1368"]
[BlackElo "1021"]
[PlyCount "51"]
[GameId "2160767910351137"]
[EventDate "2008.04.15"]
[EventType "swiss"]
[EventRounds "6"]
[EventCountry "CAN"]
[SourceTitle "EXT 2022"]
[Source "ChessBase"]
[SourceDate "2021.10.06"]
[SourceVersion "1"]
[SourceVersionDate "2021.10.06"]
[SourceQuality "1"]

1. e4 c5 2. Nf3 Nc6 3. Nc3 d6 4. d4 cxd4 5. Nxd4 Nxd4 6. Qxd4 Nf6 7. Bc4 e5 8. Qe3 g6 9. Qf3 Bg7 10. Bg5 Be6 11. Nd5 Bxd5 12. Bxd5 O-O 13. O-O Qa5 14. Bxf6 Bxf6 15. Qxf6 Qc5 16. Bb3 a5 17. Ba4 Rab8 18. c3 b5 19. Bb3 a4 20. Bd5 a3 21. bxa3 Qxc3 22. Rac1 Qa5 23. Rc6 Rbc8 24. Rxc8 Rxc8 25. Qxf7+ Kh8 26. Qf6# 1-0

[Event "Hull CC - LEO ferme ch B"]
[Site "Gatineau CAN"]
[Date "2008.04.29"]
[Round "3"]
[White "Lacourse, Guy"]
[Black "Berthiaume, Serge"]
[Result "1-0"]
[WhiteElo "1575"]
[BlackElo "1264"]
[PlyCount "123"]
[GameId "2160767910351138"]
[EventDate "2008.04.15"]
[EventType "swiss"]
[EventRounds "6"]
[EventCountry "CAN"]
[SourceTitle "EXT 2022"]
[Source "ChessBase"]
[SourceDate "2021.10.06"]
[SourceVersion "1"]
[SourceVersionDate "2021.10.06"]
[SourceQuality "1"]

1. d4 d5 2. c4 Nf6 3. cxd5 Qxd5 4. Nc3 Qa5 5. Bd2 Nc6 6. Nf3 Qf5 7. e3 a6 8. Be2 b5 9. h3 Bb7 10. g4 Qe6 11. g5 Ne4 12. d5 Qf5 13. dxc6 Bxc6 14. Nxe4 Bxe4 15. Nd4 Qxg5 16. Bf3 Qe5 17. Bxe4 Qxe4 18. Qf3 Qxf3 19. Nxf3 e6 20. O-O-O Bd6 21. Ba5 O-O 22. Bc3 b4 23. Be5 Bxe5 24. Nxe5 a5 25. b3 a4 26. Kb2 axb3 27. axb3 c5 28. Ra1 Rxa1 29. Rxa1 f6 30. Nd7 Rc8 31. Nb6 Rc6 32. Nc4 Rc7 33. Ra6 Kf7 34. Kc2 g5 35. Kd3 f5 36. f3 h5 37. Ke2 Kf6 38. Kf2 h4 39. Ra8 Rd7 40. Ke2 Rh7 41. Ra1 g4 42. fxg4 fxg4 43. hxg4 Kg5 44. Rg1 h3 45. Ne5 h2 46. Nf3+ Kg6 47. Rh1 Rc7 48. Rxh2 c4 49. bxc4 Rc5 50. Kd3 e5 51. e4 Ra5 52. Rb2 Ra3+ 53. Ke2 b3 54. Nxe5+ Kg5 55. Kf3 Ra5 56. Rxb3 Rxe5 57. Rb5 Kf6 58. Rxe5 Kxe5 59. c5 Ke6 60. g5 Kd7 61. e5 Kc6 62. e6 1-0

[Event "Hull CC - LEO ferme ch B"]
[Site "Gatineau CAN"]
[Date "2008.04.29"]
[Round "3"]
[White "Levesque, Andre"]
[Black "Pilon, Robert"]
[Result "1-0"]
[WhiteElo "1418"]
[BlackElo "1503"]
[PlyCount "58"]
[GameId "2160767910351139"]
[EventDate "2008.04.15"]
[EventType "swiss"]
[EventRounds "6"]
[EventCountry "CAN"]
[SourceTitle "EXT 2022"]
[Source "ChessBase"]
[SourceDate "2021.10.06"]
[SourceVersion "1"]
[SourceVersionDate "2021.10.06"]
[SourceQuality "1"]

1. e4 e6 2. d4 d5 3. e5 c5 4. c3 Nc6 5. Nf3 Qb6 6. Be2 cxd4 7. cxd4 Nge7 8. O-O Nf5 9. Nc3 Nfxd4 10. Nxd4 Nxd4 11. Bd3 Nc6 12. Be3 Qd8 13. Bf4 Be7 14. Bb5 Bd7 15. a3 Rc8 16. Rc1 a6 17. Ba4 O-O 18. Re1 f6 19. exf6 Bxf6 20. Bb3 Bg5 21. Bxg5 Qxg5 22. Na4 Rce8 23. Nb6 Qe7 24. Bxd5 Kh8 25. Nxd7 Qxd7 26. Bxe6 Qc7 27. Bd5 Qb6 28. Rxe8 Rxe8 29. Bxc6 Qxc6 1-0

[Event "Hull CC - LEO ferme ch B"]
[Site "Gatineau CAN"]
[Date "2008.04.29"]
[Round "3"]
[White "Libersan, Mattieu"]
[Black "Danilov, Alex"]
[Result "1-0"]
[WhiteElo "1843"]
[BlackElo "1906"]
[PlyCount "55"]
[GameId "2160767910351140"]
[EventDate "2008.04.15"]
[EventType "swiss"]
[EventRounds "6"]
[EventCountry "CAN"]
[SourceTitle "EXT 2022"]
[Source "ChessBase"]
[SourceDate "2021.10.06"]
[SourceVersion "1"]
[SourceVersionDate "2021.10.06"]
[SourceQuality "1"]

1. e4 c5 2. Nf3 Nc6 3. d4 cxd4 4. Nxd4 g6 5. c4 Bg7 6. Be3 Nf6 7. Nc3 Ng4 8. Qxg4 Nxd4 9. Qd1 Ne6 10. Be2 Qa5 11. O-O Bxc3 12. bxc3 Qxc3 13. Rc1 Qg7 14. Qd2 d6 15. Rfd1 h6 16. c5 Qe5 17. f4 Qxe4 18. Bf3 Qa4 19. cxd6 O-O 20. d7 Bxd7 21. Qxd7 Qa3 22. Rd3 Qb4 23. Qxb7 Qa5 24. Qxe7 Rac8 25. Rcd1 Qxa2 26. Bd5 Qa6 27. Bb7 Rc7 28. Qxf8+ 1-0

[Event "Hull CC - LEO ferme ch B"]
[Site "Gatineau CAN"]
[Date "2008.04.29"]
[Round "3"]
[White "Menard, Marc"]
[Black "Maisonneuve, Paul"]
[Result "0-1"]
[WhiteElo "1599"]
[BlackElo "1443"]
[PlyCount "82"]
[GameId "2160767910351141"]
[EventDate "2008.04.15"]
[EventType "swiss"]
[EventRounds "6"]
[EventCountry "CAN"]
[SourceTitle "EXT 2022"]
[Source "ChessBase"]
[SourceDate "2021.10.06"]
[SourceVersion "1"]
[SourceVersionDate "2021.10.06"]
[SourceQuality "1"]

1. e4 d6 2. d4 Nf6 3. Nc3 g6 4. f4 Bg7 5. Be2 O-O 6. e5 dxe5 7. dxe5 Qxd1+ 8. Bxd1 Ng4 9. h3 Nh6 10. Nd5 Na6 11. Nxe7+ Kh8 12. Nf3 Re8 13. Nxc8 Raxc8 14. c4 Nb4 15. Ba4 Nd3+ 16. Ke2 Nxc1+ 17. Raxc1 c6 18. Rhd1 Rcd8 19. Kf2 Bf8 20. g4 Bc5+ 21. Kg3 Ng8 22. Rc3 Rxd1 23. Bxd1 Rd8 24. Bc2 Kg7 25. a3 a5 26. Rb3 Rd7 27. Rd3 Rxd3 28. Bxd3 Be3 29. a4 Ne7 30. f5 Kg8 31. Be4 g5 32. h4 Bf4+ 33. Kh3 h6 34. hxg5 hxg5 35. Kg2 Nc8 36. Kf2 Nb6 37. b3 Nd7 38. e6 fxe6 39. fxe6 Nc5 40. Nd4 Nxe4+ 41. Kf3 Nc5 0-1

[Event "Hull CC - LEO ferme ch B"]
[Site "Gatineau CAN"]
[Date "2008.04.29"]
[Round "3"]
[White "Thibault, David"]
[Black "Blouin, Francois"]
[Result "1/2-1/2"]
[WhiteElo "1690"]
[BlackElo "1606"]
[PlyCount "142"]
[GameId "2160767910351143"]
[EventDate "2008.04.15"]
[EventType "swiss"]
[EventRounds "6"]
[EventCountry "CAN"]
[SourceTitle "EXT 2022"]
[Source "ChessBase"]
[SourceDate "2021.10.06"]
[SourceVersion "1"]
[SourceVersionDate "2021.10.06"]
[SourceQuality "1"]

1. e4 e6 2. Nf3 d5 3. exd5 exd5 4. d4 Bd6 5. Be3 Ne7 6. Bd3 Bf5 7. Bg5 Bxd3 8. Qxd3 f6 9. Be3 Nbc6 10. a3 Ng6 11. O-O Qd7 12. b3 Nce7 13. Nc3 c6 14. Ne2 O-O 15. c4 Rfe8 16. Rfe1 Rac8 17. c5 Bc7 18. Qd2 Nf5 19. Nf4 Ngh4 20. Nxh4 Nxh4 21. f3 Qf5 22. Ne2 Qxf3 23. gxf3 Nxf3+ 24. Kg2 Nxd2 25. Bxd2 Re4 26. h3 Rce8 27. Ng3 Bxg3 28. Kxg3 Kf7 29. Rxe4 Rxe4 30. Re1 Rxd4 31. Bc1 Rd3+ 32. Re3 Rd1 33. Bb2 Rd2 34. Bc1 Rc2 35. Re1 Rc3+ 36. Kg2 Rxb3 37. Re3 Rb1 38. Rc3 Ke7 39. Bf4 Kd7 40. Bb8 a6 41. Bd6 b6 42. Bf8 g6 43. cxb6 Rxb6 44. Re3 h5 45. Re7+ Kd8 46. Re6 Rb2+ 47. Kg3 Rb3+ 48. Kh4 g5+ 49. Kxh5 Rxh3+ 50. Kg6 Kc7 51. Rxf6 Kb6 52. Kxg5 Kb5 53. Rf7 c5 54. Rc7 Rc3 55. Kf4 Kb6 56. Rc8 d4 57. Ke4 d3 58. Ke3 c4 59. Bb4 Rc2 60. Rd8 a5 61. Bd2 Kb5 62. Rd5+ Ka4 63. Rxa5+ Kb3 64. a4 c3 65. Rb5+ Kc4 66. Bxc3 Rxc3 67. Kd2 Rc2+ 68. Kd1 Ra2 69. Rg5 Kc3 70. Rc5+ Kb4 71. Rd5 Kc4 1/2-1/2

[Event "Hull CC - LEO ferme ch B"]
[Site "Gatineau CAN"]
[Date "2008.05.06"]
[Round "4"]
[White "Danilov, Alex"]
[Black "Lacourse, Guy"]
[Result "1-0"]
[WhiteElo "1906"]
[BlackElo "1573"]
[PlyCount "31"]
[GameId "2160767910351144"]
[EventDate "2008.04.15"]
[EventType "swiss"]
[EventRounds "6"]
[EventCountry "CAN"]
[SourceTitle "EXT 2022"]
[Source "ChessBase"]
[SourceDate "2021.10.06"]
[SourceVersion "1"]
[SourceVersionDate "2021.10.06"]
[SourceQuality "1"]

1. c4 Nf6 2. g3 g6 3. Bg2 Bg7 4. Nc3 O-O 5. e4 d6 6. Nge2 e5 7. O-O c5 8. d3 Nc6 9. h3 Nd4 10. Kh2 h6 11. Be3 Be6 12. f4 Qd7 13. Nd5 Kh7 14. fxe5 Nxe2 15. Qxe2 Bxd5 16. exf6 1-0

[Event "Hull CC - LEO ferme ch B"]
[Site "Gatineau CAN"]
[Date "2008.05.06"]
[Round "4"]
[White "Dupont, Claude"]
[Black "Guimond, Michel"]
[Result "0-1"]
[WhiteElo "1496"]
[BlackElo "1892"]
[PlyCount "72"]
[GameId "2160767910351145"]
[EventDate "2008.04.15"]
[EventType "swiss"]
[EventRounds "6"]
[EventCountry "CAN"]
[SourceTitle "EXT 2022"]
[Source "ChessBase"]
[SourceDate "2021.10.06"]
[SourceVersion "1"]
[SourceVersionDate "2021.10.06"]
[SourceQuality "1"]

1. e4 c5 2. Nf3 d6 3. d4 cxd4 4. Qxd4 Bd7 5. Bc4 Nc6 6. Qc3 Nf6 7. Nbd2 g6 8. Ng5 Ne5 9. Bb3 h6 10. Ngf3 Nxf3+ 11. Qxf3 Bg7 12. h3 O-O 13. O-O e6 14. c3 Bc6 15. Re1 Qc7 16. Bc2 Nh5 17. g4 Nf6 18. a4 d5 19. exd5 Nxd5 20. Ne4 f5 21. Ng3 Nxc3 22. Qe3 Bd5 23. f3 f4 24. Qd3 Qc5+ 25. Kg2 fxg3 26. Be3 Rxf3 27. Bxc5 Rxd3+ 28. Kg1 Rd2 29. bxc3 Rg2+ 30. Kf1 Rxc2 31. Re2 Bc4 32. Kg2 Rxe2+ 33. Kxg3 g5 34. Bd4 e5 35. Bf2 Bd5 36. Ra3 Rf8 0-1

[Event "Hull CC - LEO ferme ch B"]
[Site "Gatineau CAN"]
[Date "2008.05.06"]
[Round "4"]
[White "Duret, Serge"]
[Black "Berthiaume, Serge"]
[Result "0-1"]
[WhiteElo "994"]
[BlackElo "1212"]
[PlyCount "60"]
[GameId "2160767910351146"]
[EventDate "2008.04.15"]
[EventType "swiss"]
[EventRounds "6"]
[EventCountry "CAN"]
[SourceTitle "EXT 2022"]
[Source "ChessBase"]
[SourceDate "2021.10.06"]
[SourceVersion "1"]
[SourceVersionDate "2021.10.06"]
[SourceQuality "1"]

1. e4 e5 2. Nf3 Nc6 3. Bc4 Nf6 4. Nc3 Bc5 5. O-O d6 6. h3 Be6 7. Bb5 O-O 8. Bxc6 bxc6 9. d4 exd4 10. Nxd4 Qd7 11. f4 Rfe8 12. Kh2 Bc4 13. Rf3 Nxe4 14. Nxe4 Rxe4 15. Nb3 Bb6 16. Nd2 Be2 17. Qe1 Re6 18. Rg3 Rae8 19. Nf3 Bxf3 20. Qc3 f6 21. Qxf3 Re1 22. f5 Bg1+ 23. Kh1 Bf2+ 24. Kh2 Bxg3+ 25. Qxg3 Qxf5 26. Bh6 R1e7 27. Re1 g5 28. Rxe7 Rxe7 29. Qb3+ Qe6 30. Qxe6+ Rxe6 0-1